| 000 | 01282nam a2200301 a 4500 | ||
|---|---|---|---|
| 001 | BRCA_1473 | ||
| 005 | 20190320203437.0 | ||
| 008 | 181105s2005----mx-a######---#000-0#spa-d | ||
| 020 | _a9709719017 | ||
| 041 | _aspa | ||
| 044 | _amx | ||
| 050 | 4 |
_aF1386.8.P3 _b.P35 2005 |
|
| 245 | 1 | 0 |
_aEl Palacio Nacional _bla sede del poder _cpresentación Francisco Gil Díaz, Jaime Chico Pardo ; la sede del poder Enrique Krauze ; textos Eduardo Matos Moctezuma ... [et al.] ; edición Carlos González Manterola ; fotografía José Ignacio González Manterola. |
| 260 |
_aMéxico _bSecretaría de Hacienda y Crédito Público : TELMEX _c2005 |
||
| 300 |
_a315 p. _bil. (algunas a color) _c34 cm. |
||
| 610 | 2 | 4 |
_aPalacio Nacional (Ciudad de México) _xHistoria _94815 |
| 650 | 1 | 4 |
_aPalacios _zMéxico _94816 |
| 650 | 1 | 4 |
_aPintura mural mexicana _ySiglo XX _9482 |
| 651 | 4 |
_aCiudad de México _xEdificios, estructuras, etc. _91264 |
|
| 651 | 4 |
_aCiudad de México _xHistoria _ySiglo XVI-XX _94817 |
|
| 700 | 1 |
_aGil Díaz, Francisco _94818 |
|
| 700 | 1 |
_aChico Pardo, Jaime _94819 |
|
| 700 | 1 |
_aKrauze, Enrique _92501 |
|
| 700 | 1 |
_aMatos Moctezuma, Eduardo _94820 |
|
| 700 | 1 |
_aGonzález Manterola, Carlos _eed _93515 |
|
| 700 | 1 |
_aGonzález Manterola, José Ignacio _efots _92339 |
|
| 942 |
_2lcc _cB |
||
| 999 |
_c1335 _d1335 |
||